Cultivated landscapes of native Amazonia and the Andes

Αποθηκεύτηκε σε:
Λεπτομέρειες βιβλιογραφικής εγγραφής
Κύριος συγγραφέας: Denevan, William M.
Μορφή: Βιβλίο
Γλώσσα:English
Δημοσίευση: Oxford : Oxford University Press, 2005, 2001
Σειρά:Oxford geographical and environmental studies
Θέματα:
Ετικέτες: Προσθήκη ετικέτας
Δεν υπάρχουν, Καταχωρήστε ετικέτα πρώτοι!

MARC

LEADER 00000nam a2200000 i 4500
001 1/87522
008 080603r20052001 eng d
020 |a 0-19-925769-8 
035 |l 10097893 
040 |a GR-MY-UA  |b gre  |e aacr 
041 0 |a eng 
082 0 |a 630.983  |2 (22) 
100 1 |a Denevan, William M. 
245 1 0 |a Cultivated landscapes of native Amazonia and the Andes /  |c William M. Denevan 
260 |a Oxford :   |b Oxford University Press,   |c 2005, 2001 
300 |a xxx, 396 σ.;  |b πίν., εικ.;  |c 24 εκ. 
490 1 |a Oxford geographical and environmental studies 
504 |a Βιβλιογραφία: σ. 324-366 
504 |a Ευρετήριο: σ. 367-396 
650 0 0 |a Historic agricultural landscapes  |z Andes Region. 
650 0 0 |a Historic agricultural landscapes  |z Amazon River Region. 
650 0 0 |a Indians of South America  |x Agriculture. 
650 0 0 |a Traditional farming  |z South America. 
650 0 0 |a Irrigation farming  |z South America. 
650 0 0 |a Chinampas  |z South America. 
650 0 0 |a Terracing  |z South America. 
650 0 0 |a Shifting cultivation  |z South America. 
650 0 0 |a Agriculture  |z South America  |x History. 
830 0 |a Oxford geographical and environmental studies 
852 |a INST  |b LESVOS  |e 20080603  |h 630.983 DEN  |p 005100042589  |q 005100042589  |t BK  |y 0 
901 |a BIBL1-2008-2 
909 |a Λ  |b 151581 
922 |a 1ΕΛΗ  |b 200803  |c ΕΠΕΑΕΚ2/ΤΓ  |d ΕΛΕΥΘΕΡΟΥΔΑΚΗΣ 
970 |a ΧΑΤΖΗΜΙΧΑΗΛ  |b ΜΑΡΙΑ  |z 2008/06/03